| 000 | 00000nam##2200000za#4500 |
| 001 | 9.686230 |
| 003 | CaOODSP |
| 005 | 20210624230436 |
| 007 | cr ||||||||||| |
| 008 | 150407|1997||||xxc|||||o f|0| 0 eng|d |
| 020 | |a0-662-30866-2 |
| 040 | |aCaOODSP|beng |
| 043 | |an-cn--- |
| 086 | 1 |aE2-407/1997E-IN |
| 110 | 1 |aCanada.|bForeign Affairs and International Trade. |bCanadian Centre for Foreign Policy Development. |
| 245 | 10|aRoundtable on Nigeria (February 10, 1997) : |h[electronic resource]|bRecommendations for the Commonwealth Ministerial Action Group (CMAG) / |c[by] Nasreen Bhimani and John Harker. |
| 260 | |aOttawa - Ontario : |bForeign Affairs and International Trade. |c[1997]. |
| 300 | |a8p. |
| 590 | |a10-09-Supp|b2010-11-02 |
| 690 | 07|aCommonwealth|2gcpds |
| 690 | 07|aForeign policy|2gcpds |
| 690 | 07|aGuidelines|2gcpds |
| 720 | 1 |aHarker, John |
| 720 | 1 |aBhimani, Nasreen |
| 776 | 0#|tRoundtable on Nigeria : |w(CaOODSP)9.648265 |
| 856 | 40|ahttp://publications.gc.ca|qPDF|s48 KB|uhttps://publications.gc.ca/collections/Collection/E2-407-1997E.pdf |
| 986 | |a4005.1E |